000 00595nam a2200205Ia 4500
003 OSt
005 20260120122045.0
008 210210b1941 xxu||||| |||| 00| 0 eng d
040 _cAL
041 _aKannada
082 _a858/157
100 _aRAMASVAMI AYYANGARA (B S)
_dರಾಮಸ್ವಾಮಿ ಅಯ್ಯಂಗಾರ (ಬಿ ಎಸ್ )
_9251870
245 _aJiva jyotigalu
_bಜೀವ ಜ್ಯೋತಿಗಳು
260 _aBengaLUru
_b-
_c1941
650 _ajyOtigaLu
_9251871
650 _aJIva
_9251872
690 _aBiography
_9251873
906 _a020700
942 _2ddc
_cBK
999 _c144854
_d144854